Responses for Show #1133 - Wednesday, July 5, 1989

Contestants

[<< previous game]

Delene Moyle, a student from Walnut Creek, California

Carol Davidson, a commercial insurance writer from Simi Valley, California

Catherine Laatz, an office manager originally from Hoquiam, Washington (whose 3-day cash winnings total $20,100)

[next game >>]

Jeopardy! Round responses

MAN IN SPACE
FOOD
PRESIDENTS
RULES
NURSERY RHYMES
STARTS & ENDS WITH "E"
    $100 22
(Catherine: What is 8?)
...
(Alex: Two for each landing.)

12

CatherineCarol
    $100 12
an egg

Delene
    $100 13
Eisenhower

Delene
    $100 3
the Golden Rule

Catherine
    $100 1
three blind mice

Catherine
    $100 5
Eugene

Delene
    $200 23
John Glenn

Carol
    $200 17
asparagus

Catherine
    $200 14
John Kennedy

Catherine
    $200 10
spring ahead, fall back

Catherine
    $200 2
weeds

Delene
    $200 6
elephantine

Carol
    $300 24
Gemini

Catherine
    $300 18
(Alex: Yeah, whatever you have, it's good.)

caviar

Catherine
    $300 15
gold

Catherine
    $300 25
the Marquess of Queensberry

Carol
    $300 4
the fair

Carol
    $300 7
an escapade

Catherine
    $400 26
(Catherine: What is... Saturn?)
(Carol: What is Jupiter?)

Mars

CatherineCarolDelene
    $400 19
guilty

Carol
    $800 16
(Alex: Nixon, Ford, Carter and Reagan.)

4

Catherine
    $400 28
(Edmond) Hoyle

Delene
    $400 8
Little Boy Blue

Carol
    $400 9
Evinrude

Delene
    $500 27
Chile

Catherine
    $500 30
pastry

Catherine
    $500 21
(Alex: The two terms for presidents.)

the 22nd Amendment

Triple Stumper
    $500 29
Robert's Rules of Order

Carol
    $500 11
give them to your sons

Catherine
    $500 20
an étagère

Delene

Scores at the first commercial break (after clue 16):

Catherine Carol Delene
$2,500 $900 $900

Scores at the end of the Jeopardy! Round:

Catherine Carol Delene
$3,800 $2,000 $2,200

Double Jeopardy! Round responses

1901
FAMOUS WOMEN
MYTHOLOGY
MAMMALS
NEW ENGLAND
LEFTOVERS
    $200 20
(Catherine: What is the uh, American Baseball League?)
(Alex: [*], right.)

the American League

Catherine
    $200 8
tennis

Catherine
    $200 1
Pan

Carol
    $200 3
its tail

Catherine
    $200 18
Boston

Carol
    $200 13
Spider-Man

Catherine
    $400 21
(Carol: What was a Diesel?)
(Delene: What was a [*] Benz?)

Mercedes

CarolDelene
    $400 9
Beatrix

Catherine
    $400 2
satyrs

Catherine
    $400 4
the face

Catherine
    $400 19
Rhode Island

Catherine
    $400 14
an emerald

Delene
    $600 22
(King) Gillette

Carol
    $600 10
Florence Nightingale

Catherine
    $600 25
nymphs

Delene
    $600 5
dolphins

Catherine
    $600 28
Vermont

Catherine
    $600 15
rosin

Delene
    $800 23
(Delene: What is Amen--Amnesty International?)

the International Red Cross

Delene
Triple Stumper
    $800 11
Aimee (Semple) McPherson,

Catherine
    $1,000 26
Apollo

Delene
    $800 6
sweat glands

Delene
    $800 29
(Delene: Oh, dear... my mind just went blank.)

Captain John Smith

Delene
Triple Stumper
    $800 16
(Carol: Who are Betty White and... Estelle Getty?)

Beatrice Arthur & Estelle Getty

CarolDelene
    $1000 24
Walter Reed

Delene
    $1,500 12
[Normal applause for solving the Daily Double but no acknowledgment for Catherine running the category]

Washington

Catherine
    $1000 27
(Catherine: What was the Odyssey?)

the Argo

CatherineCarol
    $1000 7
Felis

Delene
    $1000 30
(Carol: What was the Charter [*]?)

oak

Carol
    $1000 17
(Catherine: Who is Lord Byron?)

Shelley

CatherineDelene

Scores at the end of the Double Jeopardy! Round:

Catherine Carol Delene
$8,300 $3,800 $8,200

[wagering suggestions for these scores]

Final Jeopardy! Round responses

MONARCHS
(Alex: There was an important in that clue and it was "Tafari" and you had to put that together with other things, like Rastafarians, and progress that way.)
...
(Delene: No guts, no glory.)
...
(Alex: The Rastafarians used to worship the monarch of Ethiopia, [*].)
CarolWho was King Gustav of Sweden?
$3,500
DeleneWho was King Farouk?
$8,200
CatherineWho is the Shah of Iran?
$8,200
Haile Selassie

Final scores:

Catherine Carol Delene
$100 $300 $0
2nd place: Dresher brass bed + Sunset Lamp Co. table lamp New champion: $300 3rd place: Maytag Jetclean dishwasher

Game dynamics:

Coryat scores:

Catherine Carol Delene
$7,400 $3,800 $8,000
26 R
(including 2 DDs),
4 W
13 R,
3 W
18 R
(including 1 DD),
2 W

Combined Coryat: $19,200

[game clues] [game scores] [suggest correction]

Game tape date: 1989-02-21
The J! Archive is created by fans, for fans. Scraping, republication, monetization, and malicious use prohibited; this site may use cookies and collect identifying information. See terms. The Jeopardy! game show and all elements thereof, including but not limited to copyright and trademark thereto, are the property of Jeopardy Productions, Inc. and are protected under law. This website is not affiliated with, sponsored by, or operated by Jeopardy Productions, Inc. Join the discussion at JBoard.tv.